Statistics for Biggest Cities in the Dayton Metro Area

Click here to take the quiz!

General Stats

  • This quiz has been taken 3 times
  • The average score is 2 of 18

Answer Stats

PopulationCity% Correct
137,644Dayton
100%
47,741Beavercreek
50%
26,947Xenia
50%
24,240Centerville
0%
13,222Clayton
0%
13,435Englewood
0%
34,620Fairborn
0%
38,154Huber Heights
0%
57,862Kettering
0%
20,143Miamisburg
0%
21,332Piqua
0%
25,133Riverside
0%
19,062Springboro
0%
10,115Tipp City
0%
24,403Trotwood
0%
26,281Troy
0%
14,997Vandalia
0%
12,864West Carrollton
0%

Score Distribution

Percentile by Number Answered

Percent of People with Each Score

Your Score History

You have not taken this quiz